000
00332nam a22001577a 4500
003
SGT
020
_a
978-93-50-25-369-4
082
_a
618
_b
G11S
100
_a
SALHAN,SUDHA
245
_a
TEXTBOOK OF GYNECOLOGY
250
_a
1ST
260
_a
NEW DELHI
_b
JAYPEE
_c
2011
300
_a
674
650
_a
AYURVEDA
942
_2
ddc
_c
BK
_0
8
999
_c
11332
_d
11332